| 000 | 00809nam a2200265 i 4500 | ||
|---|---|---|---|
| 001 | 000033566 | ||
| 003 | DO-SdBNP | ||
| 005 | 20231010102915.0 | ||
| 007 | ta | ||
| 008 | 110831s1883 fr 000 0 spa d | ||
| 040 |
_aDO-SdBNP _bspa _cBNPHU _erda |
||
| 049 | _aBNGR | ||
| 082 | 4 |
_bQ5p _222 |
|
| 100 | 1 |
_aQuevedo y Villegas, Francisco de, _948599 _eautor |
|
| 245 | 1 | 3 |
_aEl parnaso Español con las nueve musas castellanos / _cFrancisco de Quevedo y Villegas. |
| 264 |
_aPari : _bLibrería de Garnier Hermanos _c1883. |
||
| 300 |
_avolumen ; _c17 cm. |
||
| 336 |
_2rdacontent _atexto _btxt |
||
| 337 |
_2rdamedia _asin mediación _bn |
||
| 338 |
_2rdacarrier _avolumen _bnc |
||
| 500 | _aLa biblioteca posee el volumén 1. | ||
| 590 | _aInventariado, 2023/BT | ||
| 910 | _aBtavárez | ||
| 942 |
_2ddc _cLBS1 |
||
| 999 |
_c33057 _d33057 |
||